Noms d'avions de chasse - Statistiques

Statistiques générales
  • Ce quiz a été pris 206 fois
  • Le résultat moyen est 7 sur 16
Statistiques - réponses
Par images Réponse % Correct
Rafale M
92%
F-35 Lightning II
83%
Su 57 / Felon
82%
F 18 Super Hornet
73%
SR 71 Blackbird
72%
Su 47 / Berkut
49%
AV 8B Harrier
47%
Mig 25 PD
41%
Super Etendard
39%
Su 33 / Flanker-D
37%
Jas 39 Gripen
35%
Mirage 4000
32%
Panavia Tornado
25%
Saab J35D Draken
17%
F-2A
11%
Kfir canard
6%
Aucun quiz correspondant
Distribution des résultats
% des personnes avec chaque résultat
Percentile par nombre de réponses
Votre historique - résultats
Vous n’avez pas pris ce quiz